Pokémon - Les attaques de Tauros de Paldea Race Combative - Statistiques

Statistiques générales
  • Ce quiz a été pris 10 fois
  • Le résultat moyen est 8 sur 14
Statistiques - réponses
Niveaux Types Noms des attaques % Correct
Départ Normal Charge
100%
Niveau 60 Combat Close Combat
71%
Niveau 55 Normal Damoclès
71%
Niveau 10 Combat Double Pied
71%
Niveau 50 Normal Mania
71%
Niveau 40 Psy Repos
71%
Niveau 35 Normal Taurogne
71%
Niveau 20 Normal Coup d'Boule
57%
Départ Normal Mimi-Queue
57%
Niveau 30 Psy Psykoud'Boul
57%
Niveau 15 Ténèbres Assurance
43%
Niveau 25 Normal Grimace
43%
Niveau 5 Normal Rengorgement
29%
Niveau 45 Normal Vantardise
29%
Aucun quiz correspondant
Distribution des résultats
% des personnes avec chaque résultat
Percentile par nombre de réponses
Votre historique - résultats
Vous n’avez pas pris ce quiz